Statistics for States with Double Letters

Click here to take the quiz!

General Stats

  • This quiz has been taken 100 times
  • The average score is 7 of 9

Answer Stats

State% Correct
Mississippi
94%
Hawaii
88%
Missouri
84%
Tennessee
83%
Massachusetts
82%
Minnesota
79%
Pennsylvania
77%
Illinois
74%
Connecticut
69%

Score Distribution

Percentile by Number Answered

Percent of People with Each Score

Your Score History

You have not taken this quiz